| 000 -ლიდერი |
| ფიქსირებული სიგრძის საკონტროლო ველი |
01374nam a2200241Ia 4500 |
| 001 - საკონტროლო ნომერი |
| საკონტროლო ველი |
6342 |
| 003 - საკონტროლო ნომრის იდენტიფიკატორი |
| საკონტროლო ველი |
GE_BSU |
| 005 - ბოლო ოპერაციის თარიღი და დრო |
| საკონტროლო ველი |
20191003170435.0 |
| 008 - ფიქსირებული სიგრძის მონაცემთა ელემენტები - ზოგადი ინფორმაცია |
| ფიქსირებული სიგრძის საკონტროლო ველი |
181216s1956||||ge |||||||||||||| ||geo|| |
| 040 ## - კატალოგიზაციის წყარო |
| Transcribing agency |
GE_BSU |
| 041 ## - ენის კოდი |
| Language code of text/sound track or separate title |
geo |
| 080 ## - უნივერსალური ათობითი კლასიფიკაციის ინდექსი |
| Universal Decimal Classification number |
94(47+57),,1941-1945" :821 ბ-32 |
| 100 ## - მთავარი ჩანაწერი - პიროვნების სახელი |
| Personal name |
ბაქრაძე, დავით |
| 9 (RLIN) |
4485 |
| 245 ## - ცნობა სათაურის შესახებ |
| Title |
გმირთა სისხლით : |
| Remainder of title |
კოვპაკის პარტიზანული შენაერთის მონაწილის ჩანაწერები. წიგნი მეორე / |
| Statement of responsibility, etc |
დავით ბაქრაძე ; რედ. რ. ორჯონიკიძე ; მხატვ. ო, ვარვარაძე. |
| 264 ## - წარმოების, გამოცემის, დისტრიბუციის და სხვა ცნობები |
| გამოცემის, წარმოების, დისტრიბუციის... ადგილი |
თბილისი : |
| გამოცემის, წარმოების, დისტრიბუციის... სახელწოდება |
სახელგამი ; |
| გამოცემის, წარმოების, დისტრიბუციის... თარიღი |
1956. |
| 300 ## - ფიზიკური აღწერა |
| Extent |
464 გვ.; |
| Other physical details |
ილ. ; |
| Dimensions |
20 სმ. |
| 653 ## - INDEX TERM--UNCONTROLLED |
| Uncontrolled term |
გმირთა სისხლით |
| 653 ## - INDEX TERM--UNCONTROLLED |
| Uncontrolled term |
ქართველები დიდ სამამულო ომში |
| 653 ## - INDEX TERM--UNCONTROLLED |
| Uncontrolled term |
პარტიზანული მოძრაობა დიდ სამამულო ომში |
| 700 ## - ADDED ENTRY--PERSONAL NAME |
| Personal name |
ორჯონიკიძე, რ. |
| Relator term |
რედაქტორი |
| 9 (RLIN) |
4486 |
| 700 ## - ADDED ENTRY--PERSONAL NAME |
| Personal name |
ვარვარაძე. ო. |
| Relator term |
მხატვარი |
| 9 (RLIN) |
4487 |
| 942 ## - ADDED ENTRY ELEMENTS (KOHA) |
| Koha item type |
წიგნი |
| Source of classification or shelving scheme |
|